[Event "RSA-chT U16"]
[Site "Cape Town"]
[Date "2016.01.07"]
[Round "7.9"]
[White "Phetoane, Gift"]
[Black "Coetzee, Christian"]
[Result "1-0"]
[WhiteElo "830"]
[BlackElo "961"]
[PlyCount "49"]
[EventDate "2016.01.04"]
[EventType "team-tourn"]
[EventRounds "7"]
[EventCountry "RSA"]
[SourceTitle "CBM 170 Extra"]
[Source "ChessBase"]
[SourceDate "2016.02.25"]
[SourceVersion "1"]
[SourceVersionDate "2016.02.25"]
[SourceQuality "1"]
[WhiteTeam "Kenneth Kaunda"]
[BlackTeam "Sedibeng"]
[WhiteTeamCountry "RSA"]
[BlackTeamCountry "RSA"]

1. e4 e5 2. Nf3 Nc6 3. d4 d6 4. Bc4 Bg4 5. c3 Bxf3 6. Qxf3 Qf6 7. Qh3 exd4 8. 0-0 dxc3 9. Nxc3 Be7 10. Nd5 Qd4 11. Nxc7+ Kf8 12. Nxa8 Qxc4 13. Qc8+ Bd8 14. Qxb7 Qxe4 15. Nc7 Qe7 16. Qxc6 Bxc7 17. Bd2 Nf6 18. Rfe1 Qd8 19. Bg5 Bb8 20. Rac1 g6 21. Qc8 Qxc8 22. Rxc8+ Kg7 23. Rxh8 Kxh8 24. Bxf6+ Kg8 25. Re8# 1-0

[Event "RSA-chT U16"]
[Site "Cape Town"]
[Date "2016.01.06"]
[Round "6.9"]
[White "Coetzee, Christian"]
[Black "Beukman, Eduan"]
[Result "0-1"]
[WhiteElo "961"]
[BlackElo "1421"]
[PlyCount "56"]
[EventDate "2016.01.04"]
[EventType "team-tourn"]
[EventRounds "7"]
[EventCountry "RSA"]
[SourceTitle "CBM 170 Extra"]
[Source "ChessBase"]
[SourceDate "2016.02.25"]
[SourceVersion "1"]
[SourceVersionDate "2016.02.25"]
[SourceQuality "1"]
[WhiteTeam "Sedibeng"]
[BlackTeam "Tshwane"]
[WhiteTeamCountry "RSA"]
[BlackTeamCountry "RSA"]

1. e4 d6 2. Nf3 Nf6 3. Nc3 e5 4. Bc4 Be7 5. h3 0-0 6. 0-0 Nbd7 7. d3 c6 8. a3 b5 9. Bb3 Nc5 10. Ba2 a5 11. Be3 Qc7 12. Nb1 Na4 13. b3 Nb6 14. b4 axb4 15. axb4 Be6 16. Nc3 Bxa2 17. Nxa2 Ra6 18. Qd2 Rfa8 19. c3 Nfd7 20. Rfb1 d5 21. Bxb6 Nxb6 22. exd5 Nxd5 23. Re1 f6 24. Re2 Nf4 25. Ree1 Qa7 26. Reb1 Rxa2 27. Rxa2 Qxa2 28. Qxa2+ Rxa2 0-1